000 01021nam a2200277 i 4500
001 18872
003 ES-MaACL
005 20240313190147.0
007 t|
008 020405s2001 mx ||||1| spa d
020 _a968-859-410-5
080 _a061.235(460.15)(091)
080 _a9(=1.460.15:72)
080 _a972"1521/1821"
100 1 _aTorales Pacheco, Josefina María Cristina.
_9110613
245 1 0 _aIlustrados en la Nueva España
_b: los socios de la Real Sociedad Bascongada de los Amigos del País /
_cJosefina María Cristina Torales Pacheco.
250 _a[1ª ed.].
260 _aMéxico :
_bUniversidad Iberoamericana,
_c2001.
300 _aX, 517 p. ;
_c23 cm.
610 2 4 _aReal Sociedad Bascongada de los Amigos del País-
_vHistoria
_96367
650 1 4 _aVascos-
_zMéxico-
_xHistoria.
_917747
651 4 _aMéxico-
_xHistoria-
_y1521-1821, Época colonial.
_9158070
710 2 _aUniversidad Iberoamericana (México)
_97382
852 _aES-MaACL
_jL-25357
_bR.131157
999 _c18872
_d18872